000 00507nam a2200205Ia 4500
001 14943
003 GE_BSU
008 181216s||||||||xx |||||||||||||| ||und||
040 _cGE_BSU
080 _a511
100 _aБоревич, З. И.,Шафаревич, И. Р.,
245 _aТеория чисел.
245 _cРед.Б.Б.Венков
260 _aМосква
260 _bМир
260 _c1964
300 _a566стр.20см.
653 _aТеория чисел.
942 _cBK
999 _c48063
_d48063